000
00330nam a2200133Ia 4500
008
240624s9999 xx 000 0 und d
041
_a
eng
082
_a
658.056754 COL
100
_a
COLLINS TIM
245
_a
LITTLE BOOK OF TWITTER GET TWEETWISE
260
_c
2009
_a
London
_b
Michael O' Mara
300
_a
160 : p.
365
_c
RS
999
_c
15941
_d
15941